000 00901nam a2200241 i 4500
001 69900
003 ES-MaACL
005 20250223234432.0
007 t|
008 040713s1981 sp |||| | spa d
020 _a84-206-6103-1
100 1 _aGarcía Lorca, Federico,
_d1898-1936
_954853
245 1 0 _aDiván del Tamarit (1931-1935)
_b; Llanto por Ignacio Sánchez Mejías (1934) ; Sonetos (1924-1936) /
_cFederico García Lorca ; edición, introducción y notas, Mario Hernández.
246 3 _aLlanto por Ignacio Sánchez Mejías (1934)
246 3 _aSonetos (1924-1936)
260 _aMadrid :
_bAlianza Editorial,
_c[1981]
300 _a199 p. ;
_c18 cm.
490 1 _aObras de Federico García Lorca ;
_v3
700 1 _aHernández, Mario,
_d1945-
_9151331
830 1 _aObras de Federico García Lorca ;
_v3
_9183288
852 _aES-MaACL
_jL-10904
999 _c69900
_d69900